000 01063nam a22003371i 4500
999 _c280
_d280
001 019626483
003 UkOxU
005 20190805103609.0
008 130603s2013 enka j 000 0 eng|d
015 _aGBB366763
_2bnb
016 7 _a016462166
_2Uk
020 _a9781907554841 (hbk.) :
035 _a(Uk)016462166
040 _aStDuBDS
_beng
_erda
_cStDuBDS
_dUk
042 _aukblsr
082 0 4 _a510 YOU
_223
100 1 _aYoung, Tracie,
_eauthor.
245 1 0 _aCool maths :
_b50 fantastic facts for kids of all ages /
_cby Tracie Young, Katie Hewett.
264 1 _aLondon :
_bPortico,
_c2013.
300 _a1 volume :
_billustrations (colour) ;
_c20 cm
336 _atext
_2rdacontent
336 _astill image
_2rdacontent
337 _aunmediated
_2rdamedia
338 _avolume
_2rdacarrier
500 _aFormerly CIP.
_5Uk
650 0 _aMathematics
_vJuvenile literature.
650 0 _aMathematics
_vProblems, exercises, etc.
_vJuvenile literature.
700 1 _aHewett, Katie,
_eauthor.
942 _2ddc
_cNFIC